000 01466nam a2200349Ia 4500
001 ebr10032033
003 CaPaEBR
006 m u
007 cr cn|||||||||
008 030106s2002 txua s 000 0 eng d
020 _z1590956826 (eBook)
020 _z1590952669
040 _aCaPaEBR
_cCaPaEBR
035 _a(OCoLC)559750127
050 1 4 _aQA76.3
_b.C388 2002eb
082 0 4 _a005.8/076
_221
100 1 _aCatura-Houser, Tim.
245 1 0 _aExamWise for CompTIA Security+ Examination, exam SY0-101
_h[electronic resource] /
_cTcat Houser, Helen O'Boyle.
246 3 _aExam Wise for CompTIA Security+ Examination, exam SY0-101
260 _aFriendswood, Tex. :
_bTotalRecall Publications, Inc.,
_cc2002.
300 _axv, 549 p. :
_bill.
490 0 _aTotalRecall: The IT question book series
533 _aElectronic reproduction.
_bPalo Alto, Calif. :
_cebrary,
_d2009.
_nAvailable via World Wide Web.
_nAccess may be limited to ebrary affiliated libraries.
650 0 _aElectronic data processing personnel
_xCertification.
650 0 _aComputer networks
_xSecurity measures
_xExaminations
_vStudy guides.
650 0 _aComputer security
_xExaminations
_vStudy guides.
655 7 _aElectronic books.
_2local
700 1 _aO'Boyle, Helen.
700 1 _aWoznicki, Michael.
710 2 _aebrary, Inc.
856 4 0 _uhttp://site.ebrary.com/lib/rucke/Doc?id=10032033
_zAn electronic book accessible through the World Wide Web; click to view
999 _c162837
_d162837